| 000 | 00669nam a2200181Ia 4500 | ||
|---|---|---|---|
| 008 | 090124s9999 xx 000 0 und d | ||
| 082 | _b122334 | ||
| 100 | _aसरदेसाई लक्ष्मणराव | ||
| 245 | _a वेचक लक्ष्मणराव सरदेसाई | ||
| 250 | _a1 | ||
| 260 | _c1987 | ||
| 300 | _a210 | ||
| 600 | _aसरदेसाई लक्ष्मणराव | ||
| 630 | _a वेचक लक्ष्मणराव सरदेसाई | ||
| 700 | _aसरदेसाई लक्ष्मणराव | ||
| 730 | _a वेचक लक्ष्मणराव सरदेसाई | ||
| 942 | _cBOOK | ||
| 999 |
_c168420 _d168420 |
||